<?xml version="1.0" encoding="UTF-8"?>
<collection xmlns="http://www.loc.gov/MARC21/slim">
<record>
  <controlfield tag="001">56559</controlfield>
  <controlfield tag="005">20211020101637.0</controlfield>
  <datafield tag="037" ind1=" " ind2=" ">
    <subfield code="a">TAZ-TFG-2016-2394</subfield>
  </datafield>
  <datafield tag="041" ind1=" " ind2=" ">
    <subfield code="a">fra</subfield>
  </datafield>
  <datafield tag="100" ind1="1" ind2=" ">
    <subfield code="a">De Sus Sánchez, José Manuel</subfield>
  </datafield>
  <datafield tag="242" ind1="0" ind2="0">
    <subfield code="a">Completive subordinate clause in contemporary French.</subfield>
  </datafield>
  <datafield tag="245" ind1="0" ind2="0">
    <subfield code="a">La proposition subordonnée complétive en français contemporain</subfield>
  </datafield>
  <datafield tag="260" ind1=" " ind2=" ">
    <subfield code="a">Zaragoza</subfield>
    <subfield code="b">Universidad de Zaragoza</subfield>
    <subfield code="c">2016</subfield>
  </datafield>
  <datafield tag="506" ind1=" " ind2=" ">
    <subfield code="a">by-nc-sa</subfield>
    <subfield code="b">Creative Commons</subfield>
    <subfield code="c">3.0</subfield>
    <subfield code="u">http://creativecommons.org/licenses/by-nc-sa/3.0/</subfield>
  </datafield>
  <datafield tag="520" ind1=" " ind2=" ">
    <subfield code="a">Dans ce mémoire de fin d’études nous abordons l'étude du fonctionnement en français contemporain de la proposition subordonnée complétive. Dans le classement traditionnel, cette catégorie regroupe trois types différents de structures syntaxiques : les propositions introduites par le subordonnant que, les propositions interrogatives indirectes et les propositions dites infinitives. À cause des limites d'espace qui nous ont été imposées, nous avons décidé de focaliser notre attention sur les propriétés de deux structures phrastiques qui nous semblent particulièrement intéressantes : la proposition complétive conjonctive en que/ce que et la proposition complétive infinitive. Notre travail est organisé en trois parties. Dans la première partie, intitulée La phrase, nous étudions les questions préalables à une analyse syntaxique, à savoir la notion de phrase simple et de phrase complexe. La deuxième partie, Les propositions complétives en que/ce que, est consacrée à l'analyse détaillée des propositions complétives conjonctives : nous y abordons la description des caractéristiques des mots subordonnants qui assurent l'enchâssement de la subordonnée dans la phrase matrice, nous dressons la liste des fonctions que la complétive peut assumer par rapport à son verbe support et, finalement, nous passons en revue les principaux facteurs qui déterminent  quel mode est employé dans la subordonnée. Dans la troisième partie, Les propositions infinitives, où nous nous occupons de la syntaxe des constructions infinitives qui apparaissent dans les mêmes contextes que les complétives conjonctives et nous rendons compte des différentes analyses qui en ont été proposées. Pour la réalisation de notre étude, nous avons consulté les ouvrages spécialisés qui figurent dans la bibliographie finale et nous nous sommes servis d’un corpus composé de deux textes : d’une part, le roman Dora Bruder, de Patrick Modiano, qui nous a fourni des exemples de ce que l’on appelle « l’usage normatif »; d’autre part, le roman Entre les murs, de François Bégaudeau, dont une partie des personnages est censée utiliser un registre de langue « peu soigné », ce qui nous a permis de disposer d’exemples qui s’écartent de ce que l’on appelle « la norme ».</subfield>
  </datafield>
  <datafield tag="521" ind1=" " ind2=" ">
    <subfield code="a">Graduado en Lenguas Modernas</subfield>
  </datafield>
  <datafield tag="540" ind1=" " ind2=" ">
    <subfield code="a">Derechos regulados por licencia Creative Commons</subfield>
  </datafield>
  <datafield tag="700" ind1=" " ind2=" ">
    <subfield code="a">Señalada García, Francisco José</subfield>
    <subfield code="e">dir.</subfield>
  </datafield>
  <datafield tag="710" ind1="2" ind2=" ">
    <subfield code="a">Universidad de Zaragoza</subfield>
    <subfield code="b">Filología Francesa</subfield>
    <subfield code="c">Filología Francesa</subfield>
  </datafield>
  <datafield tag="856" ind1="0" ind2=" ">
    <subfield code="f">586119@celes.unizar.es</subfield>
  </datafield>
  <datafield tag="856" ind1="4" ind2=" ">
    <subfield code="s">758320</subfield>
    <subfield code="u">http://zaguan.unizar.es/record/56559/files/TAZ-TFG-2016-2394.pdf</subfield>
    <subfield code="y">Memoria (fre)</subfield>
  </datafield>
  <datafield tag="909" ind1="C" ind2="O">
    <subfield code="o">oai:zaguan.unizar.es:56559</subfield>
    <subfield code="p">driver</subfield>
    <subfield code="p">trabajos-fin-grado</subfield>
  </datafield>
  <datafield tag="950" ind1=" " ind2=" ">
    <subfield code="a"></subfield>
  </datafield>
  <datafield tag="980" ind1=" " ind2=" ">
    <subfield code="a">TAZ</subfield>
    <subfield code="b">TFG</subfield>
    <subfield code="c">FFYL</subfield>
  </datafield>
  <datafield tag="951" ind1=" " ind2=" ">
    <subfield code="a">deposita:2016-09-15</subfield>
  </datafield>
</record>
</collection>